00938 a2200193 45000010006000000050017000060080041000230030015000640400040000790800118001192450049002370200018002862640034003043000019003385050317003571000030006746500019007046500021007232522320260407155536.0260407a1997 arg spa dAR-UNSa-BCEJYS aAR-UNSa-BCEJYSbspacAR-UNSa-BCEJYS a343.359xDelitos contra el fisco y otras autoridades administrativas (Derecho Penal Tributario, Delitos fiscales)10aNuevo régimen penal tributariopLey 24.769 a950-739-496-6 1aBuenos Aires :bErreparc1997 a110 p.c19 cm. a1. Antecedentes y conceptos generales - 2. Delitos Tributarios - 3. Delitos relativos a los recursos de la seguridad social - 4. Delitos comunes(tributario y de la seguridad social) - 5. Situaciones particulares - 6. Regimen procesal de la ley 24.769 - 7. Aplicación del código procesal penal de la nación.1 aVerón, Alberto Víctor aLey Nº 24.769 a ley nº 24 769